[Event "65th POL-ch (Women)"]
[Site "Chorzow POL"]
[Date "2013.04.20"]
[Round "8"]
[White "Iwanow, Anna"]
[Black "Przezdziecka, Marta"]
[Result "0-1"]
[WhiteElo "2209"]
[BlackElo "2286"]
[EventDate "2013.04.13"]
[PlyCount "92"]

1.e4 c5 2.Nf3 a6 3.c4 e6 4.Nc3 Qc7 5.d4 cxd4 6.Nxd4 Nf6 7.Be2 Bb4 8.O-O 
O-O 9.Qd3 b6 10.Bg5 Bb7 11.Bxf6 gxf6 12.f4 Kh8 13.Rf3 Rg8 14.Raf1 Nc6 15.
Nc2 Bc5+ 16.Kh1 Rg7 17.Rg3 Rag8 18.Rxg7 Rxg7 19.Na4 Nb4 20.Nxb4 Bxb4 21.
Bf3 Qxf4 22.Nxb6 Bd6 23.g3 Rxg3 24.hxg3 Qxg3 25.Rf2 Qxf2 26.Qxd6 Qxf3+ 27.
Kg1 Kg7 28.Nxd7 Bxe4 29.Qf8+ Kg6 30.Qg8+ Kh6 31.Qf8+ Kg5 32.Qg7+ Bg6 33.
Nf8 Kg4 34.Nxg6 fxg6 35.Qxh7 Qd1+ 36.Kf2 Qd2+ 37.Kf1 Qc1+ 38.Kf2 Qxb2+ 39.
Ke3 Qc3+ 40.Kf2 Qd2+ 41.Kf1 g5 42.Qe7 Qc1+ 43.Kg2 Qxc4 44.Qxf6 Qe2+ 45.Kg1
Qe1+ 46.Kg2 Qg3+ 0-1

[Event "65th POL-ch (Women)"]
[Site "Chorzow POL"]
[Date "2013.04.20"]
[Round "8"]
[White "Rajlich, Iweta"]
[Black "Socko, Monika"]
[Result "0-1"]
[WhiteElo "2406"]
[BlackElo "2451"]
[EventDate "2013.04.13"]
[PlyCount "128"]

1.f4 d5 2.b3 c5 3.Bb2 Nc6 4.e3 Nf6 5.Bb5 Qb6 6.a4 Bd7 7.Nf3 e6 8.O-O Be7 
9.Bxc6 Bxc6 10.Qe1 O-O 11.a5 Qd8 12.Ne5 Rc8 13.Nc3 d4 14.Nd1 Nd5 15.c3 
dxe3 16.dxe3 Nf6 17.c4 Ne4 18.Nc3 Nxc3 19.Bxc3 f6 20.Rd1 Qe8 21.Nxc6 Qxc6 
22.e4 Rcd8 23.Qe2 b6 24.f5 bxa5 25.Bxa5 Rd4 26.Rfe1 Rb8 27.Bc3 Rxd1 28.
Qxd1 Rd8 29.Qa1 Rd7 30.fxe6 Qxe6 31.e5 f5 32.Qb1 Bg5 33.Qc2 Bf4 34.g3 Bg5 
35.Qe2 f4 36.gxf4 Bxf4 37.Qf3 g5 38.Kh1 h5 39.Qa8+ Kg7 40.Qf3 Kh6 41.h4 
Rf7 42.Qg2 Rg7 43.Rd1 gxh4 44.Qf3 Kh7 45.Qxh5+ Bh6 46.Qf3 Rg3 47.Qe4+ Kg8 
48.Qd5 Qxd5+ 49.cxd5 Rxc3 50.d6 Kf7 51.d7 Bg5 52.d8=Q Bxd8 53.Rxd8 Rxb3 
54.Kg2 Re3 55.Rd5 c4 56.Rd4 h3+ 57.Kh2 c3 58.Rc4 a5 59.Rc6 a4 60.Ra6 a3 
61.Rxa3 Ke6 62.Ra5 Rxe5 63.Ra6+ Kd5 64.Kxh3 c2 0-1

[Event "65th POL-ch (Women)"]
[Site "Chorzow POL"]
[Date "2013.04.20"]
[Round "8"]
[White "Zawadzka, Jolanta"]
[Black "Szczepkowska-Horowska, Karina"]
[Result "1/2-1/2"]
[WhiteElo "2376"]
[BlackElo "2360"]
[EventDate "2013.04.13"]
[PlyCount "169"]

1.e4 e5 2.Nf3 Nc6 3.Nc3 Nf6 4.d4 exd4 5.Nxd4 Bb4 6.Nxc6 bxc6 7.Bd3 d5 8.
exd5 cxd5 9.O-O O-O 10.h3 h6 11.Qf3 c6 12.Bf4 Bd6 13.Rfe1 Rb8 14.b3 Rb4 
15.Ne2 c5 16.Rad1 Bb7 17.Bxd6 Qxd6 18.Ng3 g6 19.Qe3 Kg7 20.Qe7 Qxe7 21.
Rxe7 Rc8 22.Rde1 Kf8 23.R7e3 c4 24.Bf1 cxb3 25.cxb3 a5 26.a3 Rb6 27.Ne2 
Rc2 28.Nd4 Rd2 29.Rd3 Ra2 30.a4 Ba6 31.Rdd1 Bxf1 32.Rxf1 Rb4 33.f3 Nd7 34.
Rf2 Rxf2 35.Kxf2 Nc5 36.g4 Kg7 37.h4 Kf6 38.Kg3 Ne6 39.Nc6 Rxb3 40.Rxd5 
Rc3 41.Ne5 g5 42.hxg5+ hxg5 43.Rxa5 Rc2 44.Nd3 Rd2 45.Rf5+ Ke7 46.Nb4 Rb2 
47.Rb5 Kd6 48.Nd3 Ra2 49.a5 f6 50.Rb6+ Ke7 51.a6 Nd4 52.Nb4 Ra5 53.Kf2 Kf7
54.Ke3 Ne6 55.Rb7+ Kg6 56.a7 Ra3+ 57.Kd2 Nd4 58.Nd5 Nc6 59.Ne7+ Nxe7 60.
Rxe7 f5 61.Kc2 fxg4 62.fxg4 Kf6 63.Rh7 Ke5 64.Kb2 Ra6 65.Rf7 Ke6 66.Rb7 
Ke5 67.Kb3 Ra1 68.Rf7 Ke6 69.Rc7 Ke5 70.Kb4 Kf4 71.Kb5 Rb1+ 72.Kc6 Ra1 73.
Kb7 Kxg4 74.a8=Q Rxa8 75.Kxa8 Kf3 76.Kb7 g4 77.Rf7+ Ke3 78.Rg7 Kf3 79.Kc6 
g3 80.Kd5 g2 81.Kd4 Kf2 82.Rf7+ Ke2 83.Re7+ Kf2 84.Rf7+ Ke2 85.Ke5 1/2-1/2

[Event "65th POL-ch (Women)"]
[Site "Chorzow POL"]
[Date "2013.04.21"]
[Round "9"]
[White "Matras-Clement, Agnieszka"]
[Black "Rajlich, Iweta"]
[Result "1/2-1/2"]
[WhiteElo "2274"]
[BlackElo "2406"]
[EventDate "2013.04.13"]
[PlyCount "98"]

1.e4 e6 2.d4 d5 3.Nd2 c5 4.exd5 Qxd5 5.Ngf3 cxd4 6.Bc4 Qd7 7.O-O Nc6 8.Nb3
a6 9.Nbxd4 Nxd4 10.Nxd4 Qc7 11.Bb3 Bd6 12.h3 Ne7 13.c3 O-O 14.Re1 b6 15.
Be3 e5 16.Nf3 Bb7 17.Qe2 h6 18.Nh4 Kh7 19.Qh5 Ng8 20.Rad1 Rad8 21.Rd2 g6 
22.Nxg6 fxg6 23.Bxg8+ Kxg8 24.Qxg6+ Qg7 25.Qxg7+ Kxg7 26.Bxb6 Bc7 27.Rxd8 
Bxd8 28.Bxd8 Rxd8 29.Rxe5 Kf6 30.Rh5 Kg6 31.Re5 Rd1+ 32.Kh2 Rd2 33.Re6+ 
Kf5 34.Rb6 Bd5 35.Kg3 Bc4 36.b3 Bf1 37.Rxh6 Rxa2 38.Kf3 Ra3 39.g4+ Ke5 40.
Rh5+ Kf6 41.Ke4 Rxb3 42.Kd4 Ra3 43.f4 Ra4+ 44.Kd5 Rxf4 45.Rf5+ Rxf5+ 46.
gxf5 a5 47.Kc5 Ba6 48.c4 Kxf5 49.Kd4 Bxc4 1/2-1/2

[Event "65th POL-ch (Women)"]
[Site "Chorzow POL"]
[Date "2013.04.21"]
[Round "9"]
[White "Socko, Monika"]
[Black "Iwanow, Anna"]
[Result "1-0"]
[WhiteElo "2451"]
[BlackElo "2209"]
[EventDate "2013.04.13"]
[PlyCount "67"]

1.d4 Nf6 2.c4 g6 3.Nc3 Bg7 4.e4 d6 5.Nf3 O-O 6.Be2 Bg4 7.Be3 Nfd7 8.Rc1 a6
9.O-O c5 10.d5 Bxf3 11.Bxf3 b5 12.Be2 Qa5 13.Qc2 bxc4 14.Bxc4 Rc8 15.f4 
Ra7 16.Na4 Nb6 17.Nxb6 Qxb6 18.b3 Nd7 19.Rf3 Qb4 20.Bd2 Qb8 21.Qd3 Qb7 22.
h4 Raa8 23.h5 Nf6 24.hxg6 hxg6 25.Bc3 Rd8 26.Rcf1 Qd7 27.e5 Ng4 28.e6 Qe8 
29.f5 Bxc3 30.Qxc3 f6 31.fxg6 Ne5 32.Rh3 Rab8 33.Rh8+ Kxh8 34.Qh3+ 1-0

[Event "65th POL-ch (Women)"]
[Site "Chorzow POL"]
[Date "2013.04.21"]
[Round "9"]
[White "Szczepkowska-Horowska, Karina"]
[Black "Majdan-Gajewska, Joanna"]
[Result "1-0"]
[WhiteElo "2360"]
[BlackElo "2383"]
[EventDate "2013.04.13"]
[PlyCount "129"]

1.e4 c5 2.Nc3 a6 3.g3 b5 4.Bg2 Bb7 5.d3 e6 6.f4 Nf6 7.Nf3 d6 8.O-O Nc6 9.
h3 Rc8 10.g4 Nd7 11.Ne2 b4 12.Be3 a5 13.Ng3 Be7 14.g5 g6 15.h4 Bf8 16.c3 
Ba6 17.Re1 bxc3 18.bxc3 Rb8 19.h5 Qb6 20.d4 cxd4 21.cxd4 Nb4 22.d5 Qd8 23.
dxe6 fxe6 24.Nd4 Nc5 25.a3 Nbd3 26.Nc6 Qc8 27.Nxb8 Nxe1 28.Qxe1 Qxb8 29.
Qc3 e5 30.fxe5 Bg7 31.Bxc5 dxc5 32.Qxc5 Qxe5 33.Qc6+ Ke7 34.Rd1 Rd8 35.
Rxd8 Kxd8 36.h6 Qxg3 37.Qd5+ Ke7 38.Qc5+ Ke8 39.Qc6+ Ke7 40.Qc5+ Ke8 41.
hxg7 Qe1+ 42.Kh2 Qh4+ 43.Bh3 Qf4+ 44.Kg2 Qxe4+ 45.Kg3 Qd3+ 46.Kh2 Qe2+ 47.
Bg2 Bc4 48.Qxa5 Kf7 49.Qc7+ Kg8 50.Qf4 Kxg7 51.a4 Kg8 52.a5 Qe6 53.Be4 Qf7
54.Kg3 Qa7 55.Bg2 Qf7 56.Qb8+ Kg7 57.Qd6 h6 58.Qe5+ Kh7 59.gxh6 Ba6 60.Qd6
Qb3+ 61.Bf3 Qb5 62.Qf6 Qb8+ 63.Kg2 Kxh6 64.Qxa6 Qb2+ 65.Qe2 1-0